| 000 | 00711nam a2200229 a 4500 | ||
|---|---|---|---|
| 999 |
_c3492 _d3492 |
||
| 001 | 3492 | ||
| 003 | BD-JhCC | ||
| 005 | 20171123180030.0 | ||
| 008 | 171114s1996 bg ||||| |||| 00| 0 ben d | ||
| 020 | _a9844013658 | ||
| 035 | _a(BD-JhCC)3492 | ||
| 040 |
_aBD-JhCC _dBD-JhCC |
||
| 041 | _aben | ||
| 082 |
_a954.92 _bMUH 1996 |
||
| 100 | _aমুহিত, আবুল মাল আবদুল | ||
| 245 |
_aস্মৃতি অম্লান ১৯৭১ / _cআবুল মাল আবদুল মুহিত |
||
| 260 |
_aঢাকা : _bআগামী প্রকাশনী, _c1996. |
||
| 300 |
_a236 p. : _c21 cm. |
||
| 650 | _aHistory of Bangladesh | ||
| 942 |
_2ddc _cBK |
||